000 00351nam a22001577a 4500
003 SGT
020 _a978-93-5025-770-8
082 _a618.92
_bA12Z
100 _aZUBAIRI, TANVEER KHALID
245 _aATLAS OF PEDIATRICS ULTRASOUND
250 _a1ST
260 _aINDIA
_bJAYPEE
_c2012
300 _a401
650 _aPEDIATRICS
942 _2ddc
_cBK
999 _c19694
_d19694